00270nam a2200097Ia 4500008004100000082001600041100002400057245005300081260001800134600002000152241002s9999 xx 000 0 und d a320.092 MIC aMichael, Dfoster B. 0aMasters of political thought plato machiavelli i aLondon:c1969 aSocial Sciences